| 000 | 01047nam a2200325 a 4500 | ||
|---|---|---|---|
| 001 | 000002729 | ||
| 003 | DO-SdBNP | ||
| 005 | 20170919130651.0 | ||
| 007 | 000002729 | ||
| 008 | 090703s2002 dr bd 000 0 spa d | ||
| 020 | _a8495193108 | ||
| 040 |
_aBPMSU _bspa _cBPMSU |
||
| 082 |
_a001.42 _bH557m |
||
| 092 |
_a _b |
||
| 100 | 1 | _aHernández, Fernando | |
| 245 | 1 | 0 |
_aMetodología de la investigación en ciencias sociales / _cFernando Hernández. |
| 260 |
_aSanto Domingo : _bEdiciones UAPA, _c2002. |
||
| 300 |
_a299 p. : _bmapa, diagraf. ; _c26 cm. |
||
| 490 | 1 | _aAutoaprendizaje | |
| 504 | _aIncluye referencias bibliográficas y notas al pie de las páginas | ||
| 650 | 4 | _aMETODOLOGÍA CIENTÍFICA | |
| 650 | 4 |
_aCIENCIAS SOCIALES _xMETODOLOGÍA |
|
| 650 | 4 |
_aINVESTIGACIÓN SOCIAL _xMETODOLOGÍA |
|
| 650 | 4 | _aINVESTIGACIÓN CIENTÍFICA | |
| 830 | 0 | _aAutoaprendizaje | |
| 910 | _aValidado. Control de calidad BNPHU | ||
| 942 |
_2ddc _cBK |
||
| 945 | _aInventariado / 2017 VM | ||
| 956 |
_aVMATEO _b10 _c20150807 _lBPMSU _h00151 |
||
| 999 |
_c8137 _d8137 |
||